Ultima Promozione in Serie A - Quiz n°3 - Statistics

Statistiche generali
  • Questo quiz è stato fatto 13 volte
  • Il punteggio medio è 5 su 14
Statistiche sulle risposte
Hint Risposta % Corretto
Perugia 1997-1998
56%
Ancona 2002-2003
56%
Foggia 1990-1991
44%
Vicenza 1999-2000
44%
Modena 2001-2002
44%
Messina 2003-2004
44%
Padova 1993-1994
33%
Como 2001-2002
33%
Catania 2005-2006
33%
Reggiana 1995-1996
22%
Reggina 2001-2002
22%
Ascoli 2004-2005
22%
Treviso 2004-2005
22%
Piacenza 2000-2001
11%
Nessun quiz corrispondente trovato
Distribuzione punteggi
Percentuale di utenti per punteggio
Percentile per numero di risposta
I tuoi punteggi nel tempo
Non hai fatto questo quiz